header

A primer for risk measurement of bonded debt from the perspective of a sovereign debt manager (Record no. 102684)

MARC details
000 -LEADER
fixed length control field 01571nam a2200361Ia 4500
100 1# - MAIN ENTRY--AUTHOR NAME
Personal name Papaioannou, Michael G.
245 12 - TITLE STATEMENT
Title A primer for risk measurement of bonded debt from the perspective of a sovereign debt manager
260 ## - PUBLICATION, DISTRIBUTION, ETC. (IMPRINT)
Place of publication [Washington, D.C.] :
Name of publisher International Monetary Fund,
Year of publication c2006.
300 ## - PHYSICAL DESCRIPTION
Number of Pages 47 p.
490 1# - SERIES STATEMENT
Series statement IMF working paper ;
500 ## - GENERAL NOTE
General note "August 2006."
650 #0 - SUBJECT ADDED ENTRY--TOPICAL TERM
Topical Term Risk
Topical Term Interest rates
Topical Term Credit
Topical Term Liquidity (Economics)
Topical Term Government securities
Topical Term Debts, Public
856 40 - ELECTRONIC LOCATION AND ACCESS
Uniform Resource Identifier http://site.ebrary.com/lib/rucke/Doc?id=10380672

No items available.

© 2026 Rongo University
Contact us: librarian | system librarian | Rongo university